Statistics for Oxford Dictionaries Top 1000 English Words - 38 Start with L

Click here to take the quiz!

General Stats

  • This quiz has been taken 4,461 times
  • The average score is 20 of 38

Answer Stats

L% Correct
Love
87%
Like
82%
Last
80%
Let
79%
List
76%
Live
73%
Late
71%
Lose
67%
Light
63%
Lot
63%
Low
63%
Land
62%
Lie
62%
Lead
61%
Life
61%
Look
61%
Line
60%
Less
59%
Law
58%
Leave
56%
Long
55%
Lack
52%
Little
48%
Later
47%
Learn
45%
Letter
44%
Listen
44%
Loss
41%
Large
37%
Leader
35%
Link
35%
Level
25%
Likely
25%
Limit
24%
Language
23%
Legal
20%
Local
17%
Launch
11%

Score Distribution

Percentile by Number Answered

Percent of People with Each Score

Your Score History

You have not taken this quiz